000 01177nam a2200241Ia 4500
003 GCL
008 140319s9999 xx 000 0 ara d
020 _a8270009957
040 _aGCL /
_cGCL
082 0 4 _a953.09567
_bس ع
100 1 _aسنان معروف اغلو
245 1 0 _aالعراق فى الوثائق العثمانية :
_bالاوضاع السياسية والاجتماعية فى العراق خلال العهد العثمانى /
_cسنان معروف اغلو
250 _aالاولى
260 _aالاردن :
_bدار الشروق للنشر والتوزيع ،
_c2006
300 _a311 ص ؛
_c24 سم
650 0 4 _aالعراق - الاحوال السياسية - العصر العثمانى
650 0 4 _aالعراق - الاحوال الاجتماعية - العصر العثمانى
650 0 4 _aالعراق - تاريخ - العصر العثمانى
650 0 4 _aالعراق - الاحوال الدينية - العصر العثمانى
650 0 4 _aالعراق - الاحوال الاقتصادية - العصر العثمانى
650 0 4 _aالامبراطورية العثمانية - العراق
942 _2ddc
_cBK
999 _c10145
_d10145